000 00431nam a2200181Ia 4500
008 210210b1955 xxu||||| |||| 00| 0 eng d
041 _aeng
082 _a920/59
100 _aWOODWARD (C V)
245 _aAmerican attitudes toward history
260 _aOxford
_bAt the Clarendon Press
_c1955
650 _atoward
650 _ahistory
650 _aattitudes
650 _aAmerican
690 _aHistory
906 _a024801
999 _c150421
_d150421